000 00440nam a22001457a 4500
005 20180722111053.0
020 _a8174452915
_c600.00
035 _aB-219778,B-219777, B-219775
037 _aDPL
_bENG
100 _aKabia, Sunil K.
245 _aTourism and the developing countries /
_cby Sunil K. Kabia
260 _aNew Delhi
_bMohit Publications
_c2005
300 _av, 300p.
_c20 cms.
942 _2ddc
_cEN
_h338.4791
_mKAB
999 _c66494
_d66494